000 00725nam a22002057a 4500
003 0
005 20250915122536.0
008 250915b xxu||||| |||| 00| 0 eng d
020 _a978-1-032-81371-4
050 _aTK 5103.4886
_b.R69 2025
100 _aRoy, Radhika Ranjan,
_eauthor.
245 _aArtificial intelligence-based 6G networking /
_cRadhika Ranjan Roy.
260 _aBoca Raton, FL :
_bCRC Press,
_c2025.
300 _axvii, 362 pages :
_billustrations ;
_c24 cm.
504 _aIncludes bibliographical references and index.
650 _aSixth generation wireless communication systems.
650 _aArtificial intelligence
_xTelecommunication.
650 _aMobile communication systems.
942 _2lcc
_cBK
999 _c367952
_d367952